书目信息 |
| 题名: |
傅雷家书
|
|
| 作者: | 朱梅馥 , 傅雷 著 ;傅敏 编 | |
| 分册: | 我们如何做父母 | |
| 出版信息: | 南京 江苏凤凰文艺出版社 2015.5.5 |
|
| 页数: | 464页 | |
| 开本: | 24cm | |
| 丛书名: | ||
| 单 册: | ||
| 中图分类: | K825.6 , G78 | |
| 科图分类: | ||
| 主题词: | 教育--类型 | |
| 电子资源: | ||
| ISBN: | 978-7-5399-8183-3 | |
| 000 | 00997nam0 2200301 450 | |
| 001 | 351712 | |
| 005 | 20161017161551.70 | |
| 010 | @a978-7-5399-8183-3@dCNY49.80 | |
| 100 | @a20151125d2015 em y0chiy0110 ea | |
| 101 | 0 | @achi |
| 102 | @aCN@b320000 | |
| 105 | @af z 000zy | |
| 106 | @ar | |
| 200 | 1 | @a傅雷家书@i我们如何做父母@f傅雷,朱梅馥著@g傅敏编 |
| 210 | @a南京@c江苏凤凰文艺出版社@d2015.5.5 | |
| 215 | @a464页@c照片@d24cm | |
| 304 | @a英文共同题名:Home letters by Foulel | |
| 330 | @a本书全面展示傅雷家风,再现傅氏兄弟成长的家教背景,而“家风”、“家教”的关键在于“我们如何做父母”。傅雷夫妇认为,父母担负“对儿女教导的责任不容旁贷”,是自己的天职;在言传身教中,把人格教育看做主要, | |
| 510 | 1 | @aHome letters by Foulel@zeng |
| 600 | 0 | @a傅雷@f(1908-1966)@x书信集 |
| 606 | 0 | @a教育@x类型 |
| 690 | @aK825.6@v5 | |
| 690 | @aG78@v4 | |
| 701 | 0 | @a朱梅馥@4著 |
| 701 | 0 | @a傅雷@4著 |
| 702 | 0 | @a傅敏@4编 |
| 801 | 0 | @aCN@bTANGWEI@c20161009 |
| 905 | @b0896140-4@dG78@e11≈2@f5 | |
| 傅雷家书.我们如何做父母/傅雷,朱梅馥著/傅敏编.-南京:江苏凤凰文艺出版社,2015.5.5 |
| 464页:照片;24cm |
| ISBN 978-7-5399-8183-3:CNY49.80 |
| 本书全面展示傅雷家风,再现傅氏兄弟成长的家教背景,而“家风”、“家教”的关键在于“我们如何做父母”。傅雷夫妇认为,父母担负“对儿女教导的责任不容旁贷”,是自己的天职;在言传身教中,把人格教育看做主要, |
| ● |
| 相关链接 |
|
|
|
|
正题名:傅雷家书
索取号:G78/11≈2
 
预约/预借
| 序号 | 登录号 | 条形码 | 馆藏地/架位号 | 状态 | 备注 |
| 1 | 0896140 | 208961408 | 第一样本阅览室/ [索取号:G78/11≈2] | 在馆 | |
| 2 | 0896141 | 208961417 | 第四借阅区/ [索取号:G78/11≈2] | 在馆 | |
| 3 | 0896142 | 208961426 | 第四借阅区/ [索取号:G78/11≈2] | 在馆 | |
| 4 | 0896143 | 208961435 | 第四借阅区/ [索取号:G78/11≈2] | 在馆 | |
| 5 | 0896144 | 208961444 | 第四借阅区/ [索取号:G78/11≈2] | 在馆 |